[Event "Witten (ch open)"]
[Site "Witten"]
[Date "2013.02.08"]
[Round "1"]
[White "Stergar, Lothar"]
[Black "Reinoehl, Christian"]
[Result "0-1"]
[WhiteElo "1620"]
[BlackElo "2022"]
[PlyCount "52"]
[EventDate "2013.02.08"]
[EventType "swiss"]
[EventRounds "7"]
[EventCountry "GER"]
[Source "Lothar Stergar"]
[SourceDate "2013.02.09"]

1. e4 e5 2. Nf3 Nc6 3. Bb5 a6 4. Ba4 d6 5. O-O (5. c3 {- Hartung,T (1978)
-Reinoehl,C (2047), (4) 2011}) 5... Bd7 6. c3 g6 7. d3 Bg7 8. Bg5 Nf6 9. h3 h6
{#} 10. Bh4 (10. Be3 g5 (10... O-O 11. Nbd2 Qe8 12. Re1 Kh7 13. Nf1 Nh5 14. g4
Nf4 15. Bxf4 exf4 16. d4 Nxd4 17. Nxd4 Bxa4 {1/2-1/2 Tochtermann,G (1830)
-Schubert,H (1820), Triesen 2002}) 11. g4 Ne7 12. Nh2 Ng6 13. Nd2 Nf4 14. Bxf4
gxf4 15. Kg2 Qc8 16. Bxd7+ Qxd7 17. b4 Nh7 18. a4 h5 19. Rh1 Qe7 20. f3 Ng5 21.
h4 Ne6 22. Qe1 Bf6 23. g5 Bg7 24. Kf1 f6 25. g6 Rh6 26. Rg1 Nf8 27. Ke2 Nxg6
28. Qf2 Nf8 29. Rg2 a5 30. Rag1 Rh7 31. b5 b6 32. Nb1 Ne6 33. d4 exd4 34. cxd4
f5 35. Rd1 fxe4 36. fxe4 O-O-O 37. Nc3 f3+ 38. Nxf3 Nf4+ 39. Kf1 Nxg2 40. Kxg2
Rf8 41. Qe3 Bh6 42. Ng5 Bxg5 43. hxg5 Rg7 44. Nd5 Rxg5+ {0-1 Fels,K-Schichtel,
H, Bad Wildbad 1993}) 10... O-O 11. Nbd2 Qe8 12. Bc2 Nh5 13. Nc4 f5 14. exf5
gxf5 15. Ne3 Nf4 16. Bg3 Ne6 17. Nd5 Ne7 18. Nxe7+ Qxe7 19. Nh4 Qg5 20. Nf3 Qf6
21. Bb3 Kh8 22. Qe2 Rae8 23. Rae1 Nc5 24. Bc2 Qf7 25. Bb1 e4 26. dxe4 Bb5 0-1

[Event "Witten (ch open)"]
[Site "Witten"]
[Date "2013.02.08"]
[Round "1"]
[White "Werner, Michael"]
[Black "Gallmeister, Christian"]
[Result "1-0"]
[WhiteElo "2013"]
[BlackElo "1578"]
[PlyCount "59"]
[EventDate "2013.02.08"]
[EventType "swiss"]
[EventRounds "7"]
[EventCountry "GER"]
[Source "Lothar Stergar"]
[SourceDate "2013.02.09"]

1. d4 d5 2. c4 c6 3. Nf3 Nf6 4. Nc3 e6 5. Bg5 Nbd7 6. e3 Bd6 (6... Qa5 {-
Binder,R (1677)-Pasdziernik,M (1728), (3) 2008}) 7. Qc2 h6 8. Bh4 O-O 9. Rd1
Re8 10. Be2 dxc4 11. Bxc4 {#} Nb6 (11... b5 12. Bd3 Bb7 13. O-O a6 14. Ne4 Be7
15. Nc5 Qb6 16. b4 a5 17. a3 axb4 18. axb4 Nf8 19. Ne5 Nd5 20. Ncd7 Qd8 21.
Nxf8 Nxb4 22. Bxe7 Qxe7 23. Nfg6 fxg6 24. Qb3 Nxd3 25. Qxd3 g5 26. f4 gxf4 27.
Rxf4 Qa3 28. Qe4 Rf8 29. Rdf1 Rxf4 30. Rxf4 c5 31. Qd3 Qxd3 32. Nxd3 c4 33. Nc5
Bc8 34. Rf1 b4 35. Rb1 b3 {0-1 Borkovic,V (2221)-Mazor,D (2065), Hrvatska 2005}
) 12. Bb3 Nbd5 13. O-O b6 14. e4 Nb4 15. Qb1 Be7 16. a3 Na6 17. Ba2 Qc7 18. Bg3
Qb7 19. h3 Nc7 20. Qc2 c5 21. d5 exd5 22. exd5 Bf8 23. Bh4 Nh5 24. d6 Ne6 25.
Bd5 Qd7 26. Bxa8 Ba6 27. Ne5 Nd4 28. Nxd7 Nxc2 29. Nxf8 Kxf8 30. d7 1-0

[Event "Witten (ch open)"]
[Site "Witten"]
[Date "2013.02.08"]
[Round "1"]
[White "Krawietz, Siegfried"]
[Black "Hartung, Thomas"]
[Result "0-1"]
[WhiteElo "1461"]
[BlackElo "1864"]
[PlyCount "58"]
[EventDate "2013.02.08"]
[EventType "swiss"]
[EventRounds "7"]
[EventCountry "GER"]
[Source "Lothar Stergar"]
[SourceDate "2013.02.09"]

1. e4 e5 2. Nf3 Nc6 3. b3 Bc5 4. Bb2 {#} (4. Be2 {- Pasdziernik,M (1652)
-Moschek,T (1237), (6) 2001}) 4... Qe7 (4... Qf6) (4... f6) (4... Nf6) (4... d6
{- C 44}) 5. d3 Nf6 6. h3 O-O 7. c4 d6 8. a3 a5 9. a4 Nb4 10. Nc3 c6 11. Ba3 d5
12. exd5 cxd5 13. cxd5 Nbxd5 14. Bxc5 Qxc5 15. Nb5 Bd7 16. Na3 Rfe8 17. Be2 e4
18. dxe4 Nxe4 19. O-O Nec3 20. Rc1 Qxa3 21. Ra1 Qe7 22. Qd2 Nxe2+ 23. Kh1 Ndf4
24. Rae1 Bc6 25. Kh2 Rad8 26. Qxa5 Bxf3 27. gxf3 Qe6 28. Rxe2 Qxh3+ 29. Kg1
Qg2# (29... Nxe2#) 0-1

[Event "Witten (ch open)"]
[Site "Witten"]
[Date "2013.02.08"]
[Round "1"]
[White "Hoelzer, Thomas"]
[Black "Mrowetz, Josef"]
[Result "1/2-1/2"]
[WhiteElo "1726"]
[BlackElo "1399"]
[PlyCount "90"]
[EventDate "2013.02.08"]
[EventType "swiss"]
[EventRounds "7"]
[EventCountry "GER"]
[Source "Lothar Stergar"]
[SourceDate "2013.02.09"]

1. e4 e5 2. Nf3 Nc6 3. d4 exd4 4. Bc4 d6 5. Nxd4 Nf6 6. O-O Be7 7. Nc3 O-O 8.
h3 Ne5 (8... a6 {- Hustert,V (1990)-Bortel,P (1795), (4) 1994}) 9. Be2 c5 10.
Nf5 Bxf5 11. exf5 {#} g6 (11... Nc6 12. Be3 d5 13. Bf4 d4 14. Nb1 Nd5 15. Bg3
Bh4 16. Qd3 Ncb4 17. Qd2 Bxg3 18. fxg3 Ne3 19. Re1 Nxf5 20. a3 Nd5 21. Qd3 Nde3
22. g4 Nh4 23. Bf3 Nxf3+ 24. gxf3 Qh4 25. Nd2 Qg3+ {0-1 Agapova,S (1400)
-Ermann,G (1744), Berlin 2010}) (11... d5 12. Bg5 d4 13. Bxf6 Bxf6 14. Ne4 Rc8
15. f4 Nd7 16. Bb5 Nb6 17. Qh5 c4 18. b3 d3 19. Nxf6+ Qxf6 20. cxd3 cxd3 21.
Qf3 Rfd8 22. Rad1 d2 23. Qxb7 Qd4+ 24. Kh1 Nd5 25. Bc4 Rc7 26. Bxd5 Rxb7 27.
Bxb7 h5 28. Bf3 h4 29. Be2 Qb2 30. Ra1 Re8 31. Rfb1 Qxb1+ {0-1 Abramovic,A 
(2062)-Tupolev,K (2205), Novosibirsk 2002}) 12. Bh6 Re8 13. f4 Nc6 14. fxg6
fxg6 15. Bc4+ Kh8 16. Bf7 Nd4 17. Bxe8 Qxe8 18. Re1 Qf7 19. Qd3 Nf5 20. Bg5 c4
21. Qf3 h6 22. Qxb7 Rg8 23. Bxh6 d5 24. Bg5 Bc5+ 25. Kh1 Qxb7 26. Bxf6+ Kh7 27.
Rad1 Ne3 28. Rd2 d4 29. Na4 Bb6 30. Nxb6 axb6 31. Bxd4 Nf5 32. Bf6 Qc6 33. Be5
Kh6 34. Kh2 Qb5 35. Red1 Qc6 36. Rd7 Qe4 37. R1d2 Qe3 38. g4 Qg3+ 39. Kh1 Qxh3+
40. Rh2 Ng3+ 41. Kg1 Ne2+ 42. Rxe2 Qxg4+ 43. Kf1 g5 44. fxg5+ Rxg5 45. Rd6+ Kh7
1/2-1/2

[Event "Witten (ch open)"]
[Site "Witten"]
[Date "2013.02.08"]
[Round "1"]
[White "Koch, Detlev"]
[Black "Teich, Willi"]
[Result "0-1"]
[WhiteElo "1312"]
[BlackElo "1695"]
[PlyCount "112"]
[EventDate "2013.02.08"]
[EventType "swiss"]
[EventRounds "7"]
[EventCountry "GER"]
[Source "Lothar Stergar"]
[SourceDate "2013.02.09"]

1. e4 e6 2. Qe2 Nc6 (2... Be7 {- Fieberg,N (1761)-Jellinghaus,L (2214), (7)
2002}) 3. Nf3 e5 4. d3 d6 5. c3 Bg4 {#} 6. g3 (6. Be3 Be7 7. Nbd2 Bf6 8. h3 Bd7
9. a4 Nge7 10. d4 Ng6 11. d5 Nce7 12. Nc4 Nh4 13. Nfd2 Nhg6 14. g3 Nc8 15. a5
Bb5 16. Qh5 a6 17. Be2 c6 18. Nb6 Bxe2 19. Qxe2 Nxb6 20. Bxb6 Qd7 21. dxc6 Qxc6
22. O-O O-O 23. Rfd1 Rac8 24. Qd3 Bd8 25. Be3 Be7 26. Nf1 Qd7 27. Kh2 f5 28.
exf5 Rxf5 29. g4 Rf7 30. Ng3 Nh4 31. Ne4 Rc6 32. Qd5 Kf8 33. Ng3 Bd8 34. Rd3
Qe7 35. Rf1 Bxa5 36. Qxa5 e4 37. Bg5 Qd7 38. Nxe4 Nf3+ 39. Kg2 Ne5 40. Rd5 b6
41. Qxa6 Nxg4 42. hxg4 Qxg4+ 43. Ng3 h6 44. f3 Qe6 45. Qb5 Rc5 46. Rxc5 dxc5
47. Bd2 Rd7 {1-0 Haase,W (2087)-Montalvo Blanco,R, Mallorca 2004}) 6... Qd7 7.
Bg2 O-O-O 8. Nbd2 Bh3 9. Qf1 Bxg2 10. Qxg2 Be7 11. Nf1 d5 12. Ng5 Bxg5 13. Bxg5
f6 14. Bd2 dxe4 15. Qxe4 Qxd3 16. Qxd3 Rxd3 17. Ne3 Nge7 18. Rd1 Rhd8 19. Bc1
Rxd1+ 20. Nxd1 g6 21. Ne3 f5 22. Ke2 e4 23. h4 h5 24. Nc2 Nd5 25. Bd2 b6 26.
Ne3 Ne5 27. Ng2 Nf3 28. Bc1 b5 29. Nf4 Rd6 30. Rd1 Nxf4+ 31. Bxf4 Rxd1 32. Kxd1
Kd7 33. Kc2 c5 34. b3 c4 35. b4 Ke6 36. Kd1 Kf6 37. Ke2 g5 38. hxg5+ Nxg5 39.
Ke3 Nf3 40. Ke2 h4 41. gxh4 Nxh4 42. Kf1 Kg6 43. Bb8 a6 44. Ba7 Kg5 45. Bb8 Kg4
46. Ke2 f4 47. Ba7 Ng6 48. Bd4 Ne7 49. Bc5 Nd5 50. Bd4 Ne7 51. Bc5 Nf5 52. Bb6
Nd6 53. Bc5 Nf7 54. Bd4 Kf5 55. a3 Ne5 56. Kd2 Nf3+ 0-1

[Event "Witten (ch open)"]
[Site "Witten"]
[Date "2013.02.15"]
[Round "2"]
[White "Reinoehl, Christian"]
[Black "Hartung, Thomas"]
[Result "1-0"]
[WhiteElo "2022"]
[BlackElo "1864"]
[PlyCount "63"]
[EventDate "2013.02.08"]
[EventType "swiss"]
[EventRounds "7"]
[EventCountry "GER"]
[Source "Lothar Stergar"]
[SourceDate "2013.02.09"]

1. d4 Nf6 2. c4 d6 3. Nc3 g6 4. e4 Bg7 5. h3 O-O 6. Be3 e5 7. d5 Nbd7 8. Nf3 a5
(8... Nc5 {- Wiebesiek,M (1594)-Sieberg,R (1686), (5) 2005}) 9. Qc2 Nh5 10. g4
Nf4 11. O-O-O Nc5 12. Ne2 {#} f5 (12... Qe8 13. Nxf4 exf4 14. Bxc5 dxc5 15. e5
(15. Bd3 {1/2-1/2 Mititelu,G (2390)-Trapl,J (2325), Decin 1975}) 15... Bxe5 16.
Re1 f6 17. Bd3 Bd7 18. Nxe5 fxe5 19. Qc3 b6 20. Rxe5 Qf7 21. Rhe1 Rae8 22. R1e4
Qg7 23. Qe1 Rxe5 24. Rxe5 Qh6 25. Re7 Rf7 26. Rxd7 {1-0 Lewtak,D (2093)
-Czarnota,D (2240), Warszawa 2011}) 13. gxf5 gxf5 14. Nxf4 exf4 15. Bxc5 fxe4
16. Bd4 exf3 17. Rg1 Rf7 18. Qc3 Qf8 19. Bd3 Bd7 20. Rg5 h6 21. Rg6 Re8 22.
Rdg1 Ree7 23. Rxh6 Bf5 24. Bxf5 Rxf5 25. Rhg6 Rff7 26. h4 Kh8 27. Rh6+ Kg8 28.
Qd3 Re1+ 29. Kd2 Re2+ 30. Kc3 Qe8 31. Qh7+ Kf8 32. Rxg7 1-0

[Event "Witten (ch open)"]
[Site "Witten"]
[Date "2013.02.15"]
[Round "2"]
[White "Teich, Willi"]
[Black "Werner, Michael"]
[Result "0-1"]
[WhiteElo "1695"]
[BlackElo "2013"]
[PlyCount "70"]
[EventDate "2013.02.08"]
[EventType "swiss"]
[EventRounds "7"]
[EventCountry "GER"]
[Source "Lothar Stergar"]
[SourceDate "2013.02.09"]

1. c4 c5 2. Nc3 Nc6 3. g3 g6 (3... e6 {- Prein,D (1227)-Fruck,H (1493), (5)
1999}) 4. Bg2 Bg7 5. Nf3 e6 6. e4 Nge7 7. O-O O-O 8. d3 d6 9. Rb1 a6 10. a3 Rb8
11. Bd2 b5 12. b3 {#} Bd7 (12... b4 13. axb4 Nxb4 14. Ne1 (14. Be1 Nec6 15. Na4
Nd4 16. Nxd4 Bxd4 17. Bc3 Qf6 18. Qd2 Bd7 19. Bxd4 Qxd4 20. Nb2 Nc6 21. Na4 Rb4
22. Qc2 Qf6 23. f4 Nd4 24. Qa2 Rfb8 25. Nxc5 dxc5 26. Qxa6 Qe7 27. e5 Bc8 28.
Qa5 Nxb3 29. Qa2 {0-1 Popovic,B-Deur,Z (1943), Bjelolasica 2007}) 14... Nec6
15. Ne2 Qb6 16. Nc1 a5 17. Nc2 Bd7 18. Na3 Nd4 19. Bg5 Rfe8 20. Bf4 Rbd8 21.
Re1 Bc6 22. Bg5 Rd7 23. Ne2 Na2 24. Bd2 Nxe2+ 25. Qxe2 Nc3 26. Bxc3 Bxc3 27.
Rec1 Bg7 28. Nc2 Qb8 29. Qd2 Qd8 30. Ne3 Rb7 31. Qa2 Qc7 32. h3 Reb8 33. Kh2
Bd4 34. Nd1 Rb4 35. Kg1 Qb6 36. Nc3 a4 37. Ne2 Rxb3 38. Rxb3 Qxb3 39. Qxb3 axb3
40. Nxd4 cxd4 41. e5 b2 42. Rb1 Bxg2 43. Kxg2 dxe5 44. Kf3 f5 45. Ke2 e4 46.
Kd2 Rb3 47. dxe4 fxe4 48. Ke2 Kf7 49. c5 Ke7 50. c6 Kd6 51. c7 Kxc7 52. Kd2 Kd6
53. Kc2 Rb8 54. Kd2 Kd5 55. Kc2 Kc4 56. Kd2 Kb3 57. h4 Ka2 58. Re1 b1=N+ 59.
Ke2 Nc3+ 60. Kd2 Rb2+ {0-1 Hamko,K (1633)-Zaicev,M (2016), Kimry 2011}) (12...
h6 13. Qc1 Kh7 14. Ne2 e5 15. Nh4 b4 16. a4 Bg4 17. f3 Bd7 18. f4 exf4 19. gxf4
Bg4 20. Nf3 Qd7 21. Kh1 Rbe8 22. Be3 f5 23. Ng3 Bxf3 24. Rxf3 Nd4 25. Bxd4 Bxd4
26. Ne2 Nc6 27. Bh3 Qb7 28. Ng3 Bg7 29. Qg1 Nd4 30. Rf2 Bf6 31. Bg2 Qd7 32.
exf5 gxf5 33. Bd5 Bh4 34. Qd1 Re3 35. Rg2 Qe8 36. Qf1 Bxg3 37. Rxg3 Rxg3 38.
hxg3 Qh5+ 39. Kg2 Re8 40. Rb2 a5 41. Qf2 Qd1 42. Bf3 Qxd3 43. Rd2 Qe3 44. Bd1
Kg6 45. Rb2 Qe4+ 46. Kh2 Qe1 47. Qxe1 Rxe1 48. Rd2 Re3 49. Kg2 Kf6 50. Kf2 Rc3
51. Kg2 Ke7 52. g4 fxg4 53. Bxg4 Rxb3 54. Kf1 Rc3 55. Ke1 Rc1+ 56. Kf2 b3 57.
Kg3 Rxc4 58. f5 Kf6 59. Rh2 Ke5 {0-1 Abulhul,T (2076)-Topalov,V (2737),
Tripoli 2004}) 13. Ne2 f5 14. Bc3 e5 15. Bd2 h6 16. h4 Be6 17. Qc1 Kh7 18. Bh3
Qd7 19. Nh2 bxc4 20. bxc4 Rxb1 21. Qxb1 fxe4 22. Bxe6 Qxe6 23. Nc3 Rb8 24. Qc2
Nd4 25. Qa4 exd3 26. Qxa6 Rb2 27. Ne4 d5 28. Qxe6 Nxe6 29. cxd5 Nxd5 30. Nf3
Nd4 31. Kg2 c4 32. Rc1 Rc2 33. Rd1 c3 34. Bxc3 Nxc3 35. Nxc3 Rxc3 0-1

[Event "Witten (ch open)"]
[Site "Witten"]
[Date "2013.02.15"]
[Round "2"]
[White "Stergar, Lothar"]
[Black "Hoelzer, Thomas"]
[Result "1-0"]
[WhiteElo "1620"]
[BlackElo "1726"]
[PlyCount "91"]
[EventDate "2013.02.08"]
[EventType "swiss"]
[EventRounds "7"]
[EventCountry "GER"]
[Source "Lothar Stergar"]
[SourceDate "2013.02.09"]

1. e4 c5 2. Nf3 Nc6 3. d4 cxd4 4. Nxd4 d6 5. c4 g6 6. Be2 Bg7 7. Be3 Nf6 8. Nc3
O-O 9. O-O a6 10. Rc1 (10. f4 {- Stergar,L (1695)-Czygan,S (1456), (6) 2006})
10... Bd7 11. f4 e6 {#} 12. g4 (12. Qd2 Qc7 13. g4 e5 14. Nb3 Ne7 15. fxe5 dxe5
16. Bg5 Nxg4 17. Bxe7 Bh6 18. Bg5 Bxg5 19. Qxg5 f5 20. Nd5 Qd8 21. Qxd8 Raxd8
22. Nc5 Bc8 23. Rcd1 Rxd5 24. Rxd5 Ne3 25. Rxe5 Nxf1 26. Bxf1 b6 27. Na4 fxe4
28. Rxe4 Bb7 29. Re7 Bc6 30. Nxb6 Rf5 31. Nd5 h5 32. Rc7 Rg5+ 33. Kf2 Be8 34.
Rc8 Kf7 35. Bh3 {1-0 Smati,R-Fritzinger,J, Val d'Oise 1999}) 12... Qe7 13. g5
Ne8 14. Qd2 Nxd4 15. Bxd4 Bxd4+ 16. Qxd4 f5 17. e5 Bc6 18. Rcd1 dxe5 19. Qxe5
Ng7 20. Rd6 Rad8 21. Rfd1 Rxd6 22. Rxd6 Rd8 23. c5 Rxd6 24. cxd6 Qd7 25. Bc4 b5
26. Bb3 b4 27. Ne2 Qa7+ 28. Nd4 Bd7 29. Kf1 Qb7 30. Kf2 Qc8 31. Qa5 Ne8 32.
Qxb4 Qc1 33. Bxe6+ Bxe6 34. Nxe6 Qc2+ 35. Ke3 Qxh2 36. d7 Qg1+ 37. Kd2 Qf2+ 38.
Kc3 Qe1+ 39. Kb3 Qxe6+ 40. Qc4 Qxc4+ 41. Kxc4 Nd6+ 42. Kd5 Nf7 43. b4 Kf8 44.
Ke6 Nd8+ 45. Kf6 Nc6 46. a4 1-0

[Event "Witten (ch open)"]
[Site "Witten"]
[Date "2013.02.15"]
[Round "2"]
[White "Gallmeister, Christian"]
[Black "Koch, Detlev"]
[Result "1-0"]
[WhiteElo "1578"]
[BlackElo "1312"]
[PlyCount "57"]
[EventDate "2013.02.08"]
[EventType "swiss"]
[EventRounds "7"]
[EventCountry "GER"]
[Source "Lothar Stergar"]
[SourceDate "2013.02.09"]

1. e4 c6 2. d4 d5 3. e5 c5 (3... Bf5 {- Baldszun,M (1707)-Jeschke,H (1880), (4)
2011}) 4. c3 e6 5. Bd3 Nc6 6. Ne2 cxd4 7. cxd4 Bb4+ 8. Nd2 {#} Bd7 (8... Nge7
9. O-O (9. a3 Ba5 10. b4 Bb6 11. Nb3 Nf5 12. Bb1 Qh4 13. Bxf5 exf5 14. g3 Qe4
15. O-O Qg4 16. f3 Qh5 17. Nf4 Qh6 18. Nxd5 Qe6 19. Nxb6 axb6 20. d5 Qxe5 21.
Re1 {1-0 Santos,J (2097)-Oliveira,J (1625), Lisboa 2006}) 9... Bxd2 10. Bxd2
Nf5 11. Bc3 Bd7 12. Bxf5 exf5 13. Qb3 Bc8 14. Nf4 Ne7 15. Bb4 Be6 16. Bd6 O-O
17. Qxb7 Re8 18. Rac1 Qb6 19. Qxb6 axb6 20. a3 Ng6 21. Nxe6 fxe6 22. Rc6 Nf4
23. Rd1 Ra4 24. Bb4 Rb8 25. g3 Nh3+ 26. Kg2 Ng5 27. h4 Nf7 28. Rxe6 b5 29. Rc1
Ra7 30. Rb6 Re8 31. Rxb5 g5 32. hxg5 Nxe5 33. dxe5 Rxe5 34. Rc8+ Kf7 35. Rf8+
Kg6 36. Rb6+ Kg7 37. Rbb8 Kg6 38. Rg8+ Kh5 39. Rb6 Re2 40. Kf3 Rxf2+ 41. Kxf2 {
1-0 Schlusnik,N (2265)-Tompos,J, Budapest 1998}) 9. a3 Ba5 10. b4 Bb6 11. Nf3
f5 12. exf6 Nxf6 13. O-O Bc7 14. Re1 O-O 15. Nf4 Bxf4 16. Bxf4 Nh5 17. Bd6 Rf7
18. Ne5 Nxe5 19. Bxh7+ Kxh7 20. Qxh5+ Kg8 21. Bxe5 Rf5 22. Qg4 Qf8 23. Re3 Rxe5
24. Rxe5 Qf7 25. Rc1 Rc8 26. Rxc8+ Bxc8 27. Qh4 Qf6 28. Qxf6 gxf6 29. Re3 1-0

[Event "Witten (ch open)"]
[Site "Witten"]
[Date "2013.02.22"]
[Round "3"]
[White "Werner, Michael"]
[Black "Reinoehl, Christian"]
[Result "0-1"]
[WhiteElo "2013"]
[BlackElo "2022"]
[PlyCount "142"]
[EventDate "2013.02.08"]
[EventType "swiss"]
[EventRounds "7"]
[EventCountry "GER"]
[Source "Lothar Stergar"]
[SourceDate "2013.02.09"]

1. d4 d5 2. c4 c6 3. Nf3 Nf6 4. Nc3 e6 5. Bg5 h6 (5... Nbd7 {- Werner,M (2013)
-Gallmeister,C (1578), (1) 2013}) 6. Bxf6 Qxf6 7. e3 Nd7 8. a3 Qd8 9. Rc1 Be7
10. Bd3 {#} dxc4 (10... O-O 11. O-O b6 (11... a5 12. Re1 Bd6 13. Bb1 f5 14. Ne2
g5 15. cxd5 cxd5 16. Bd3 Rf7 17. Bb5 Qf6 18. Rc3 Nf8 19. Qc2 Bd7 20. Bxd7 Rxd7
21. g3 Rg7 22. Nc1 Ng6 23. Nd3 Rf8 24. Rc8 Rgf7 25. Rxf8+ Rxf8 26. Qc3 f4 27.
exf4 gxf4 28. g4 Nh4 29. Nde5 Bxe5 30. dxe5 Qg6 31. h3 Nxf3+ 32. Qxf3 Qc2 33.
b3 b5 34. Kg2 b4 35. axb4 axb4 36. Ra1 Qc3 37. Ra4 Qxe5 38. Rxb4 Rc8 39. Rxf4 {
1-0 Kallio,H (2469)-Garcia Martinez,S (2351), La Habana 2005}) (11... dxc4 12.
Bxc4 b5 13. Bd3 (13. Ba2 Bb7 14. Ne4 Qb6 15. b4 a5 16. Nc5 Nxc5 17. bxc5 Qc7
18. Bb1 Bf6 19. Qc2 g6 20. h4 h5 21. g4 hxg4 22. Nh2 Bxh4 23. Nxg4 Kg7 24. Kg2
Rh8 25. Rh1 Qe7 26. Rcg1 Bf6 27. f4 Rxh1 28. Rxh1 Rh8 29. Rxh8 Kxh8 30. Qc3 b4
31. axb4 axb4 32. Qxb4 Ba6 33. Be4 Bh4 {1/2-1/2 Goossens,E (2140)-Johannes,A 
(2155), Antwerp 1998}) 13... Bb7 14. Ne4 Qb6 15. Qc2 Rfc8 {1/2-1/2 Krutti,V 
(2370)-Kiss,P (2440), Aggtelek 1998}) 12. cxd5 exd5 13. Bb1 Bd6 14. Qd3 f5 15.
Ne2 Bb7 16. Nf4 Qf6 17. Nh5 Qe7 18. Nf4 Qf6 19. Nh5 Qf7 20. Ng3 g6 21. h4 a5
22. Ne2 Qe7 23. g3 Qe4 24. Nd2 Qxd3 25. Bxd3 c5 26. Bb5 Nf6 27. Rc2 Rf7 28.
dxc5 bxc5 29. Nb3 Rc7 30. Rfc1 Ne4 31. a4 Kf7 32. Nc3 Ke7 33. Bf1 Nxc3 34. Rxc3
c4 35. Nd4 Ba6 36. Bg2 Rc5 37. Nb3 Rcc8 38. Nd4 Rab8 39. Bxd5 Rxb2 40. Nc6+ Kd7
41. Nd4 Ke7 42. Nc6+ Kf6 43. Nxa5 Bb4 44. Rxc4 Bxc4 45. Nxc4 Rc5 46. Nxb2 Rxc1+
47. Kg2 Rc2 48. Nd3 Ba5 49. Kf3 Rc3 50. Ke2 g5 51. hxg5+ hxg5 52. e4 Rc2+ 53.
Kf1 fxe4 54. Bxe4 Rc4 55. f3 Rxa4 56. Ke2 Ra2+ 57. Kd1 Rg2 58. g4 Ke6 59. Nc5+
Kf6 60. Nd3 Bb6 61. Ne1 Rh2 62. Nd3 Be3 63. Nb4 Ke5 64. Nd3+ Kd4 65. Nb4 Bf4
66. Nd5 Bg3 67. Kc1 Be1 68. Kd1 Ba5 69. Ne7 Kc4 70. Nf5 Bd2 71. Nd6+ Kc3 72.
Nb5+ Kb2 73. Nd6 Bf4 74. Nf5 Rd2+ 75. Ke1 Kc1 76. Ne7 Bg3+ 77. Kf1 Kd1 78. Nd5
Rf2+ 79. Kg1 Ke2 80. Nb4 Bh2+ 81. Kh1 Bd6 82. Nd3 Rh2+ 83. Kg1 Ke3 84. Ne1 Rd2
85. Nc2+ Ke2 {0-1 Catozzi,H-Schmid,L, Dublin 1957}) 11. Bxc4 b5 12. Bd3 Bb7 13.
O-O a6 14. b4 a5 15. Qb3 O-O 16. Rfd1 Qb8 17. Bb1 axb4 18. axb4 Qd6 19. Na2 Ra4
20. e4 g6 21. Qe3 Kh7 22. e5 Qb8 23. h4 Qa7 24. Nc3 Rxb4 25. h5 c5 26. d5 exd5
27. hxg6+ fxg6 28. Nxd5 Bxd5 29. Rxd5 Nb6 30. Rdd1 Rg4 31. e6 Qb7 32. Rd7 Nxd7
33. exd7 Bd8 34. Kf1 Rf7 35. Qe6 Qxd7 36. Qxd7 Rxd7 37. Ne5 Rgd4 38. Bxg6+ Kg7
39. Nxd7 Rxd7 40. Rxc5 Kxg6 41. Rxb5 Rd2 42. g3 Bf6 43. Rb3 Kg5 44. Kg2 h5 45.
Rf3 Rd6 46. Re3 Kf5 47. Rf3+ Ke5 48. Re3+ Kd4 49. Rf3 Be5 50. Rf5 Rh6 51. Rf3
h4 52. gxh4 Rxh4 53. Rh3 Rg4+ 54. Kf3 Rf4+ 55. Ke2 Kd5 56. Rf3 Ra4 57. Rd3+ Bd4
58. f3 Ke5 59. Rb3 Kf4 60. Rb7 Bf6 61. Rb6 Be5 62. Rb5 Ra2+ 63. Kd3 Ra3+ 64.
Kc2 Rxf3 65. Rb3 Rf2+ 66. Kd3 Kf5 67. Rb5 Rf3+ 68. Kc2 Ke4 69. Rb4+ Bd4 70. Rb7
Rf2+ 71. Kc1 Kd3 0-1

[Event "Witten (ch open)"]
[Site "Witten"]
[Date "2013.02.22"]
[Round "3"]
[White "Hartung, Thomas"]
[Black "Stergar, Lothar"]
[Result "1-0"]
[WhiteElo "1864"]
[BlackElo "1620"]
[PlyCount "49"]
[EventDate "2013.02.08"]
[EventType "swiss"]
[EventRounds "7"]
[EventCountry "GER"]
[Source "Lothar Stergar"]
[SourceDate "2013.02.09"]

1. e4 c5 2. Nf3 d6 3. d4 cxd4 4. Nxd4 Nf6 5. Nc3 a6 6. Bg5 e6 7. f4 Be7 8. Qf3
Qc7 9. O-O-O Nbd7 10. g4 (10. Bh4 {- Helbig,D (1746)-Fromme,W (1722), (4) 2010}
) 10... b5 11. Bxf6 Nxf6 12. g5 Nd7 13. f5 Bxg5+ 14. Kb1 Ne5 15. Qh5 Qe7 16.
Rg1 Bf6 17. fxe6 Bxe6 18. Nxe6 g6 19. Nc7+ Qxc7 20. Qh6 {#} Rc8 (20... Qc5 21.
Nd5 Be7 22. Bh3 Ra7 23. Qg7 Rf8 24. Rg3 b4 25. c3 b3 26. axb3 Rb7 27. c4 a5 28.
Rc3 h5 29. Nf6+ Bxf6 30. Qxf6 Rb6 31. Rd5 Qg1+ 32. Ka2 a4 33. Rxe5+ dxe5 34.
Qxe5+ Re6 {1-0 Martinez,M-Idiarte Borda,J, Uruguay 1991}) 21. Bh3 Nd7 22. e5
Bxe5 23. Rge1 f5 24. Qg7 Kd8 25. Rxe5 1-0

[Event "Witten (ch open)"]
[Site "Witten"]
[Date "2013.02.21"]
[Round "3"]
[White "Mrowetz, Josef"]
[Black "Teich, Willi"]
[Result "1-0"]
[WhiteElo "1399"]
[BlackElo "1695"]
[PlyCount "49"]
[EventDate "2013.02.08"]
[EventType "swiss"]
[EventRounds "7"]
[EventCountry "GER"]
[Source "Lothar Stergar"]
[SourceDate "2013.02.09"]

1. f4 c5 2. Nf3 Nf6 (2... d5 {- Claus,J (1857)-Goebelsmann,D (1509), (1) 1997})
3. e3 g6 4. Be2 Bg7 5. O-O O-O 6. Qe1 d6 7. b3 Nc6 8. Bb5 Qc7 9. Bxc6 Qxc6 10.
Bb2 b5 11. d3 Bb7 12. Nbd2 {#} Rae8 (12... e5 13. fxe5 Ng4 14. e4 Nxe5 15. Nxe5
dxe5 16. Qg3 f6 17. a4 a6 18. Rf2 Rad8 19. Nf1 c4 20. bxc4 bxc4 21. Ne3 cxd3
22. Nd5 Qe6 23. c4 f5 24. Qh3 Bxd5 25. exd5 Qb6 26. Qxd3 e4 27. Qa3 Bd4 28.
Bxd4 Qxd4 29. Rc1 f4 30. Qc3 Qc5 31. Rd1 Rc8 32. Rd4 e3 33. Re2 Rce8 34. Qd3
Qe7 35. d6 Qf6 36. d7 Rd8 37. h3 Rf7 38. c5 Qe6 39. c6 Qxc6 40. Rc2 Qe6 41. Rc8
Rff8 42. Rd6 Qa2 43. Rxg6+ hxg6 44. Qxg6+ Kh8 45. Qh6+ Kg8 46. Qg6+ {1/2-1/2
Bryntze,S (2073)-Kauppila,O (2279), Stockholm 2009}) 13. Qh4 Nd5 14. Bxg7 Kxg7
15. Rfe1 f5 16. Ng5 Nxf4 17. Qxh7+ Kf6 18. e4 Kxg5 19. Nf3+ Kf6 20. Qh4+ Kg7
21. Ng5 e5 22. Qh7+ Kf6 23. h4 Re7 24. Qh6 Qd7 25. Qxf8+ 1-0